[Event "4NCL Division 2d"]
[Site "Telford, ENG"]
[Date "2018.03.18"]
[Round "8.84"]
[White "Russell, Christopher"]
[Black "Verma, Aditya"]
[Result "1-0"]
[WhiteElo "2137"]
[BlackElo "2002"]
[PlyCount "55"]
[EventDate "2018.03.18"]
[WhiteTeam "Barbican Youth"]
[BlackTeam "KJCA Kings"]

1. e4 c5 2. c3 d5 3. exd5 Qxd5 4. Nf3 Nc6 5. Na3 Nf6 6. Bc4 Qd8 7. O-O e6 8. d4
cxd4 9. Nb5 a6 10. Nbxd4 Nxd4 11. Nxd4 Be7 12. Bf4 Nd5 13. Bg3 Nb6 14. Bb3 Bf6
15. Qe2 O-O 16. Rad1 Qe7 17. Nf3 Re8 18. Bd6 Qd7 19. Ne5 Qb5 20. c4 Qa5 21.
Rfe1 Bxe5 22. Bxe5 Nd7 23. Bc3 Qc5 24. Ba4 b5 25. cxb5 Nb6 26. Bd4 Qb4 27. Bc2
Nd5 28. Qh5 1-0

[Event "4NCL Division 2d"]
[Site "Telford, ENG"]
[Date "2018.03.18"]
[Round "8.85"]
[White "Ratnesan, Ranesh"]
[Black "Coleman, David J"]
[Result "0-1"]
[WhiteElo "2037"]
[BlackElo "2107"]
[PlyCount "86"]
[EventDate "2018.03.18"]
[WhiteTeam "KJCA Kings"]
[BlackTeam "Barbican Youth"]

1. d4 Nf6 2. c4 g6 3. Nc3 Bg7 4. Nf3 O-O 5. g3 d6 6. Bg2 c6 7. O-O Qa5 8. e4 e5
9. h3 Nbd7 10. Re1 exd4 11. Nxd4 Nb6 12. Bf1 Re8 13. Nc2 Be6 14. Ne3 d5 15. Bd2
Nxc4 16. Nxc4 dxc4 17. e5 Nd7 18. Ne4 Qxe5 19. Bc3 Qd5 20. Nd6 Qxd1 21. Raxd1
Bxc3 22. bxc3 Reb8 23. Bxc4 Nf8 24. f4 Bxc4 25. Nxc4 Rd8 26. Nd6 Rd7 27. Ne4
Rxd1 28. Rxd1 Kg7 29. Kf2 Re8 30. Kf3 Re7 31. g4 Rd7 32. Nd6 Kf6 33. Ne4+ Ke7
34. Rxd7+ Nxd7 35. g5 f5 36. Nd2 Nb6 37. Nf1 Kd6 38. Ne3 Nd5 39. Nc4+ Kc7 40.
h4 Nxc3 41. h5 Nd5 42. hxg6 hxg6 43. Ne5 Ne7 0-1

[Event "4NCL Division 2d"]
[Site "Telford, ENG"]
[Date "2018.03.18"]
[Round "8.86"]
[White "Hughes, Roy"]
[Black "Yoon, Jacob D"]
[Result "1-0"]
[WhiteElo "2020"]
[BlackElo "2013"]
[PlyCount "100"]
[EventDate "2018.03.18"]
[WhiteTeam "Barbican Youth"]
[BlackTeam "KJCA Kings"]

1. d4 e6 2. Bf4 Nf6 3. e3 c5 4. Nf3 Nc6 5. Nbd2 Be7 6. h3 d5 7. c3 O-O 8. Bd3
c4 9. Bc2 b5 10. a3 a5 11. e4 dxe4 12. Nxe4 Nd5 13. Bd2 Ba6 14. Qe2 b4 15. axb4
axb4 16. O-O Qc7 17. Neg5 h6 18. Nxe6 fxe6 19. Qxe6+ Kh8 20. Qxd5 b3 21. Bb1
Nb4 22. Qe4 Nd3 23. Ne5 Bb7 24. Ng6+ Kg8 25. Nxe7+ Kf7 26. Qg6+ Kxe7 27. Bxd3
cxd3 28. Qxg7+ Rf7 29. Rfe1+ Kd8 30. Qg8+ Kd7 31. Qxf7+ Kc6 32. Qxc7+ Kxc7 33.
Rxa8 Bxa8 34. f4 Bd5 35. f5 Kd7 36. Bxh6 Kd6 37. f6 Bf7 38. Re7 Bg6 39. f7 Bxf7
40. Rxf7 Kd5 41. Re7 Kc4 42. Bd2 Kd5 43. Re5+ Kd6 44. h4 Kc6 45. h5 Kb6 46. h6
Kc7 47. h7 Kd7 48. h8=Q Kd6 49. Qf6+ Kc7 50. Re7+ Kd8 1-0

[Event "4NCL Division 2d"]
[Site "Telford, ENG"]
[Date "2018.03.18"]
[Round "8.87"]
[White "Golding, James"]
[Black "French, Max"]
[Result "1-0"]
[WhiteElo "2024"]
[BlackElo "2057"]
[PlyCount "137"]
[EventDate "2018.03.18"]
[WhiteTeam "KJCA Kings"]
[BlackTeam "Barbican Youth"]

1. d4 Nf6 2. c4 e6 3. Nf3 b6 4. e3 Bb7 5. Bd3 d5 6. O-O Bd6 7. Nc3 Nbd7 8. b3
O-O 9. Bb2 a6 10. Rc1 Qe7 11. Na4 Rad8 12. Ne5 dxc4 13. bxc4 Ba3 14. Nxd7 Rxd7
15. c5 Bxb2 16. Nxb2 bxc5 17. Rxc5 Rd5 18. Na4 Qd6 19. Qc2 Rxc5 20. Nxc5 Bc6
21. Rc1 Bb5 22. a4 Bxd3 23. Nxd3 Nd5 24. Rb1 Qa3 25. g3 g6 26. Rb7 Rc8 27. Qc4
Qa1+ 28. Kg2 Qd1 29. Ne5 Qd2 30. Qd3 Qxd3 31. Nxd3 Nb6 32. Nc5 Kf8 33. Ra7 Ke7
34. Rxa6 Ra8 35. Rxa8 Nxa8 36. a5 c6 37. Na6 Kd6 38. Kf3 Kd5 39. Kf4 f6 40.
Nb4+ Kd6 41. e4 Nc7 42. Nd3 h6 43. e5+ fxe5+ 44. Nxe5 Kd5 45. Ke3 c5 46. Nxg6
cxd4+ 47. Kd3 e5 48. f3 Na6 49. Ne7+ Ke6 50. Nc6 Kd5 51. Ne7+ Ke6 52. Nc8 Nc5+
53. Ke2 d3+ 54. Ke3 d2 55. Ke2 Kd5 56. Ne7+ Kc4 57. Kxd2 Nb3+ 58. Ke3 Nxa5 59.
Ke4 Nb7 60. Nf5 Nc5+ 61. Kxe5 Kd3 62. Nxh6 Ke3 63. f4 Nd3+ 64. Kf5 Kf3 65. Ng4
Nc5 66. h4 Kxg3 67. h5 Nd7 68. h6 Nf8 69. Nf6 1-0

[Event "4NCL Division 2d"]
[Site "Telford, ENG"]
[Date "2018.03.18"]
[Round "8.88"]
[White "Bhatia, Kanwal K"]
[Black "Young, Daniel J"]
[Result "1-0"]
[WhiteElo "2028"]
[BlackElo "1999"]
[PlyCount "81"]
[EventDate "2018.03.18"]
[WhiteTeam "Barbican Youth"]
[BlackTeam "KJCA Kings"]

1. e4 c5 2. c3 Nf6 3. e5 Nd5 4. d4 cxd4 5. Nf3 e6 6. cxd4 d6 7. Bc4 Nc6 8. O-O
Be7 9. a3 O-O 10. Qe2 Bd7 11. Qe4 f5 12. exf6 Rxf6 13. Ng5 Rg6 14. h4 Bxg5 15.
Bxg5 Qb6 16. Nd2 Nxd4 17. Bd3 Nf6 18. Bxf6 gxf6 19. Qe3 f5 20. Nc4 Qc6 21. f3
e5 22. Rac1 Qa4 23. h5 Rg3 24. Nxd6 Qa5 25. Kh2 Rg7 26. b4 Qd8 27. Qxe5 Qh4+
28. Kg1 Nc6 29. Bc4+ Kf8 30. Nxf5 Nxe5 31. Nxh4 Nxc4 32. Rxc4 Re8 33. Rf4+ Kg8
34. Kf2 Rge7 35. Rd1 Re2+ 36. Kg3 Ba4 37. Rd5 Bb3 38. Rd7 R2e7 39. Rfd4 Kf7 40.
Rxe7+ Rxe7 41. Kf4 1-0

[Event "4NCL Division 2d"]
[Site "Telford, ENG"]
[Date "2018.03.18"]
[Round "8.82"]
[White "Golding, William"]
[Black "Hand, Freddie"]
[Result "0-1"]
[WhiteElo "2207"]
[BlackElo "2140"]
[PlyCount "44"]
[EventDate "2018.03.18"]
[WhiteTeam "Barbican Youth"]
[BlackTeam "KJCA Kings"]

1. d4 d5 2. Bf4 c5 3. c3 Nc6 4. e3 Qb6 5. Qb3 c4 6. Qc2 Nf6 7. Nd2 g6 8. e4 e6
9. O-O-O Bg7 10. exd5 exd5 11. h3 O-O 12. g4 Qd8 13. Ngf3 b5 14. Ne5 Nxe5 15.
Bxe5 b4 16. f4 Qa5 17. b3 bxc3 18. Nb1 cxb3 19. Qxb3 Bd7 20. Bd6 Ba4 21. Qa3 c2
22. Rd3 Qe1+ 0-1